Vald - Une jolie fleur - Statistiques

Statistiques générales
  • Ce quiz a été pris 36 fois
  • Le résultat moyen est 157 sur 249
Statistiques - réponses
Réponse % Correct
fleur
100%
jolie
100%
un
100%
une
100%
dans
95%
de
95%
peau
95%
vache
95%
ce
85%
en
85%
et
85%
j’ai
85%
je
85%
Je
85%
a
80%
déguisée
80%
dis
80%
du
80%
fait
80%
la
80%
pa
80%
que
80%
qui
80%
bout
75%
coeur
75%
deviens
75%
d’vache
75%
le
75%
me
75%
vous
75%
ah
70%
alors
70%
attache
70%
belle
70%
c’est
70%
génial
70%
J’dis
70%
non
70%
ouais
70%
puis
70%
qu’en
70%
resté
70%
suis
70%
tout
70%
fais
65%
par
65%
temps
65%
vrai
65%
normal
60%
est
55%
mène
55%
rap
55%
très
55%
crari
50%
rappel
50%
rappelle
50%
rien
50%
cruel
45%
monde
45%
respect
45%
Anunnaki
40%
ça
40%
comme
40%
pas
40%
quel
40%
tel
40%
encore
35%
il
35%
même
35%
moi
35%
politesse
35%
moins
30%
y’a
30%
basse
25%
haut
25%
jamais
25%
j’suis
25%
rappelé
25%
réfléxion
25%
superman
25%
vole
25%
clip
20%
comparé
20%
évidemment
20%
j’me
20%
n’y
20%
pop
20%
sens
20%
vald
20%
vu
20%
crois
15%
démon
15%
footballeur
15%
peine
15%
pensionman
15%
péon
15%
qu’ça
15%
rentier
15%
s’est
15%
techno
15%
finalement
10%
j’arrête
10%
j’essaie
10%
n’aime
10%
prends
10%
qu’j’étais
10%
rêvé
10%
sur
10%
t’aime
10%
d’être
5%
faut
5%
laisser
5%
mentais
5%
tomber
5%
palapapa
0%
Aucun quiz correspondant
Distribution des résultats
% des personnes avec chaque résultat
Percentile par nombre de réponses
Votre historique - résultats
Vous n’avez pas pris ce quiz